000 00290nam a22001337a 4500
008 180214b xxu||||| |||| 00| 0 eng d
020 _a2901111346897
041 _aeng
080 _a341
100 _a14
101 _aSHJ
245 _aJuvenile Deliquency
_cSiegel ,L.J
942 _2udc
_cBK
999 _c42463
_d42463